| 000 | 01046cam a22003377a 4500 | ||
|---|---|---|---|
| 003 | CHAP | ||
| 005 | 20220329134217.0 | ||
| 008 | 971013s1970 es a r 00010 spa d | ||
| 010 | _a17008 | ||
| 011 | _a17980 | ||
| 035 | _a22064 | ||
| 040 | _cCHAP | ||
| 082 | 0 | 4 |
_a580 _bJ43Y |
| 100 | 0 | 0 |
_aJean-Prost, Pierre. _961268 |
| 245 | 1 | 3 | _aLa botánica y sus aplicaciones agrícolas |
| 260 |
_aMadrid : _bMundi Prensa, _c1970 |
||
| 300 |
_a534 p. _b: ilus |
||
| 490 | 0 | _aBiblioteca agropecuaria | |
| 590 |
_aBATCH-UPD _b10 _c20130109 _lUCH01 _h2338 |
||
| 590 |
_aBATCH-UPD _b10 _c20130110 _lUCH01 _h0233 |
||
| 590 |
_aBATCH-UPD _b10 _c20130110 _lUCH01 _h1819 |
||
| 590 |
_aBATCH-UPD _b10 _c20130410 _lUCH01 _h1153 |
||
| 590 |
_aBATCH-UPD _b10 _c20130914 _lUCH01 _h0615 |
||
| 590 |
_aCONVERSION _b10 _c20130109 _lUCH01 _h1311 |
||
| 650 | 1 | 4 |
_aBotánica. _914477 |
| 700 | 0 |
_aMichel, Jacqueline. _975407 |
|
| 830 | 0 |
_aBiblioteca agropecuaria _912236 |
|
| 901 | _aBK | ||
| 942 | _cLIBRO | ||
| 949 |
_a580 J43Y _bBC _cLIBRO _d-51331 _eLIBRO _h44114 _i22064 _si _t450.00 |
||
| 999 |
_c17008 _d17008 |
||